000 01011nam a2200277 i 4500
001 000031330
003 DO-SdBNP
005 20240122104005.0
007 ta
008 110620s1986 dr ac 000 0 spa d
040 _aDO-SdBNP
_bspa
_cBNPHU
_erda
082 4 _a331.89
_bP438m
_222
100 1 _aPérez V., Carlos
_eautor
_957774
245 1 3 _aEl movimiento sindical dominicano en 1985 :
_banálisis y cronología /
_cCarlos Pérez V.
264 _aSanto Domingo :
_bEdiciones CEDEE,
_c1986.
300 _a98 páginas :
_bilustraciones ;
_c22 cm.
336 _2rdacontent
_atexto
_btxt-
337 _2rdamedia
_asin mediación
_bn
338 _2rdacarrier
_avolumen
_bnc
590 _aPerteneció a la biblioteca personal de Juan Isidro Jimenes Grullón
590 _aInventariado, 2023 / DG
650 4 _aSindicalismo
_zRepública Dominicana
_xHistoria
_vCronología
_957775
650 4 _aSindicatos
_zRepública Dominicana
_xHistoria
_957776
910 _aValidado. Control de calidad BNPHU
942 _2ddc
_cLBS1
999 _c30822
_d30822